Normal view
MARC view
Entry Personal Name
001 - CONTROL NUMBER
- control field: 61170
003 - CONTROL NUMBER IDENTIFIER
- control field: dpl
005 - DATE AND TIME OF LATEST TRANSACTION
- control field: 20240123104307.0
008 - FIXED-LENGTH DATA ELEMENTS
- fixed length control field: 240123|| aca||aabn | a|a d
040 ## - CATALOGING SOURCE
- Original cataloging agency: dpl
- Transcribing agency: dpl
100 ## - HEADING--PERSONAL NAME
- Personal name: पाठक, रमेश प्रसाद
670 ## - SOURCE DATA FOUND
- Source citation: Work cat.: (dpl)200314: पाठक, रमेश प्रसाद , अष्टछाप कवियों के विवेचक आचार्य भगवतीप्रसाद देवपुरा /, 2023
